[Event "Stay Safe Play From Home 138"]
[Site "T#645932Emanuel Laske"]
[Date "2020.05.10"]
[Round "7"]
[White "Chess_MX"]
[Black "NeatFox"]
[Result "0-1"]
[WhiteElo "1703"]
[BlackElo "1818"]
[Annotator "NA RC"]
[PlyCount "160"]
[EventDate "2020.05.10"]
[EventType "swiss (blitz)"]

1. d4 {[%emt 0:00:04]} Nf6 {[%emt 0:00:01]} 2. Bf4 {[%emt 0:00:05]} d5 {[%emt 0:00:03]} 3. e3 {[%emt 0:00:03]} e6 {[%emt 0:00:01]} 4. Bd3 {[%emt 0:00:01]} c5 {[%emt 0:00:02]} 5. c3 {[%emt 0:00:02]} c4 {[%emt 0:00:01]} 6. Bc2 {[%emt 0:00:03]} Bd6 {[%emt 0:00:01]} 7. Bxd6 {[%emt 0:00:06]} Qxd6 {[%emt 0:00:00]} 8. Nf3 {[%emt 0:00:01]} Nc6 {[%emt 0:00:01]} 9. Nbd2 {[%emt 0:00:02]} b6 {[%emt 0:00:01]} 10. e4 {[%emt 0:00:02]} dxe4 {[%emt 0:00:03]} 11. Nxe4 {[%emt 0:00:00]} Nxe4 {[%emt 0:00:01]} 12. Bxe4 {[%emt 0:00:01]} Bb7 {[%emt 0:00:00]} 13. Qe2 {[%emt 0:00:06]} Na5 {[%emt 0:00:01]} 14. O-O {[%emt 0:00:09]} b5 {[%emt 0:00:03]} 15. Ne5 {[%emt 0:00:11]} O-O {[%emt 0:00:02]} 16. f4 {[%emt 0:00:09]} Bxe4 {[%emt 0:00:02]} 17. Qxe4 {[%emt 0:00:02]} f6 {[%emt 0:00:01]} 18. Nf3 {[%emt 0:00:06]} Nc6 {[%emt 0:00:01]} 19. Rae1 {[%emt 0:00:03]} Rae8 {[%emt 0:00:01]} 20. g3 {[%emt 0:00:15]} Qd5 {[%emt 0:00:05]} 21. Kf2 {[%emt 0:00:25]} Qxe4 {[%emt 0:00:01]} 22. Rxe4 {[%emt 0:00:02]} Re7 {[%emt 0:00:02]} 23. Rfe1 {[%emt 0:00:01]} Rfe8 {[%emt 0:00:01]} 24. Nd2 {[%emt 0:00:15]} Kf7 {[%emt 0:00:03]} 25. b3 {[%emt 0:00:04]} cxb3 {[%emt 0:00:02]} 26. Nxb3 {[%emt 0:00:02]} e5 {[%emt 0:00:16]} 27. fxe5 {[%emt 0:00:05]} fxe5 {[%emt 0:00:01]} 28. d5 {[%emt 0:00:15]} Nb8 {[%emt 0:00:09]} 29. Nc5 {[%emt 0:00:05]} Kf6 {[%emt 0:00:07]} 30. d6 {[%emt 0:00:09]} Rf7 {[%emt 0:00:03]} 31. Ke3 {[%emt 0:00:05]} Nd7 {[%emt 0:00:03]} 32. Nd3 {[%emt 0:00:13]} Ke6 {[%emt 0:00:05]} 33. Rb4 {[%emt 0:00:12]} a6 {[%emt 0:00:02]} 34. a4 {[%emt 0:00:04]} bxa4 {[%emt 0:00:02]} 35. Rxa4 {[%emt 0:00:01]} Ra8 {[%emt 0:00:07]} 36. Rd1 {[%emt 0:00:07]} Kxd6 {[%emt 0:00:02]} 37. Nb4+ {[%emt 0:00:11]} Ke6 {[%emt 0:00:04]} 38. Rxa6+ {[%emt 0:00:07]} Rxa6 {[%emt 0:00:02]} 39. Nxa6 {[%emt 0:00:00]} Nb6 {[%emt 0:00:14]} 40. Nc5+ {[%emt 0:00:07]} Ke7 {[%emt 0:00:04]} 41. Ne4 {[%emt 0:00:02]} Nc4+ {[%emt 0:00:04]} 42. Kd3 {[%emt 0:00:01]} Nb2+ {[%emt 0:00:02]} 43. Kd2 {[%emt 0:00:02]} Nxd1 {[%emt 0:00:00]} 44. Kxd1 {[%emt 0:00:00]} Rf1+ {[%emt 0:00:03]} 45. Ke2 {[%emt 0:00:02]} Rh1 {[%emt 0:00:01]} 46. Kf3 {[%emt 0:00:04]} Rxh2 {[%emt 0:00:02]} 47. Kg4 {[%emt 0:00:00]} Re2 {[%emt 0:00:02]} 48. Kf5 {[%emt 0:00:01]} g6+ {[%emt 0:00:15]} 49. Kxe5 {[%emt 0:00:01]} Re1 {[%emt 0:00:03]} 50. Kf4 {[%emt 0:00:02]} Rc1 {[%emt 0:00:01]} 51. Kg5 {[%emt 0:00:02]} Kf7 {[%emt 0:00:01]} 52. g4 {[%emt 0:00:01]} Kg7 {[%emt 0:00:01]} 53. Kf4 {[%emt 0:00:01]} h6 {[%emt 0:00:01]} 54. Ke5 {[%emt 0:00:02]} Rg1 {[%emt 0:00:03]} 55. Kf4 {[%emt 0:00:04]} Rf1+ {[%emt 0:00:01]} 56. Ke5 {[%emt 0:00:02]} Kf7 {[%emt 0:00:01]} 57. c4 {[%emt 0:00:01]} g5 {[%emt 0:00:06]} 58. c5 {[%emt 0:00:03]} Ke7 {[%emt 0:00:01]} 59. Nd6 {[%emt 0:00:03]} Rf4 {[%emt 0:00:03]} 60. Nf5+ {[%emt 0:00:02]} Kd7 {[%emt 0:00:03]} 61. Nxh6 {[%emt 0:00:00]} Kc6 {[%emt 0:00:01]} 62. Nf5 {[%emt 0:00:04]} Kxc5 {[%emt 0:00:02]} 63. Ne3 {[%emt 0:00:06]} Rf3 {[%emt 0:00:03]} 64. Nf5 {[%emt 0:00:02]} Rf1 {[%emt 0:00:03]} 65. Kf6 {[%emt 0:00:02]} Kd5 {[%emt 0:00:05]} 66. Kxg5 {[%emt 0:00:00]} Ke5 {[%emt 0:00:02]} 67. Ne3 {[%emt 0:00:01]} Rg1 {[%emt 0:00:02]} 68. Nf5 {[%emt 0:00:00]} Ke6 {[%emt 0:00:01]} 69. Nh6 {[%emt 0:00:00]} Ke7 {[%emt 0:00:01]} 70. Nf5+ {[%emt 0:00:00]} Kf8 {[%emt 0:00:01]} 71. Nh6 {[%emt 0:00:00]} Kg7 {[%emt 0:00:02]} 72. Nf5+ {[%emt 0:00:00]} Kh7 {[%emt 0:00:00]} 73. Nh6 {[%emt 0:00:01]} Ra1 {[%emt 0:00:02]} 74. Nf5 {[%emt 0:00:00]} Ra5 {[%emt 0:00:01]} 75. Kf4 {[%emt 0:00:00]} Ra4+ {[%emt 0:00:01]} 76. Kg5 {[%emt 0:00:02]} Ra5 {[%emt 0:00:02]} 77. Kf6 {[%emt 0:00:01]} Kg8 {[%emt 0:00:02]} 78. Kg5 {[%emt 0:00:00]} Ra7 {[%emt 0:00:01]} 79. Kf6 {[%emt 0:00:00]} Rf7+ {[%emt 0:00:02]} 80. Kg5 {[%emt 0:00:01]} Kh7 {[%emt 0:00:01] Tiempo (Lag: Av=0.59s, max=1.3s) .} 0-1

[Event "Stay Safe Play From Home 138"]
[Site "T#645932Emanuel Laske"]
[Date "2020.05.10"]
[Round "7"]
[White "Gmbasti"]
[Black "galatasaray01"]
[Result "0-1"]
[WhiteElo "1650"]
[BlackElo "1620"]
[Annotator "NA RC"]
[PlyCount "54"]
[EventDate "2020.05.10"]
[EventType "swiss (blitz)"]

1. c4 {[%emt 0:01:19]} d5 {[%emt 0:00:58]} 2. cxd5 {[%emt 0:00:04]} Qxd5 {[%emt 0:00:02]} 3. Nc3 {[%emt 0:00:02]} Qd8 {[%emt 0:00:04]} 4. d4 {[%emt 0:00:04]} Nf6 {[%emt 0:00:04]} 5. e4 {[%emt 0:00:02]} Nbd7 {[%emt 0:00:18]} 6. Be3 {[%emt 0:00:08]} e6 {[%emt 0:00:08]} 7. Nf3 {[%emt 0:00:01]} Ng4 {[%emt 0:00:01]} 8. h3 {[%emt 0:00:05]} Nxe3 {[%emt 0:00:06]} 9. fxe3 {[%emt 0:00:01]} Bb4 {[%emt 0:00:03]} 10. Bb5 {[%emt 0:00:02]} c6 {[%emt 0:00:05]} 11. Bd3 {[%emt 0:00:01]} O-O {[%emt 0:00:07]} 12. Qc2 {[%emt 0:00:03]} Nf6 {[%emt 0:00:12]} 13. e5 {[%emt 0:00:01]} Nd5 {[%emt 0:00:04]} 14. Bxh7+ {[%emt 0:00:03]} Kh8 {[%emt 0:00:03]} 15. Be4 {[%emt 0:00:03]} Nxe3 {[%emt 0:00:02]} 16. Qe2 {[%emt 0:00:10]} Bxc3+ {[%emt 0:00:09]} 17. bxc3 {[%emt 0:00:02]} Nd5 {[%emt 0:00:09]} 18. Nd2 {[%emt 0:00:20]} g6 {[%emt 0:00:10]} 19. O-O {[%emt 0:00:03]} Nxc3 {[%emt 0:00:03]} 20. Qg4 {[%emt 0:00:06]} b5 {[%emt 0:00:12]} 21. Rf6 {[%emt 0:00:04]} Nxe4 {[%emt 0:00:06]} 22. Nxe4 {[%emt 0:00:01]} Qxd4+ {[%emt 0:00:01]} 23. Kh2 {[%emt 0:00:07]} Qxa1 {[%emt 0:00:06]} 24. Ng5 {[%emt 0:00:06]} Kg7 {[%emt 0:00:07]} 25. Qh4 {[%emt 0:00:06]} Qxe5+ {[%emt 0:00:02]} 26. Rf4 {[%emt 0:00:10]} f5 {[%emt 0:00:34]} 27. Qh8+ {[%emt 0:00:09]} Rxh8 {[%emt 0:00:09] Gmbasti gibt auf (Lag: Av=0.92s, max=3.3s)} 0-1

[Event "Stay Safe Play From Home 138"]
[Site "T#645932Emanuel Laske"]
[Date "2020.05.10"]
[Round "7"]
[White "Sadbat1122"]
[Black "Timbre"]
[Result "1-0"]
[WhiteElo "1584"]
[BlackElo "1639"]
[Annotator "NA RC"]
[PlyCount "71"]
[EventDate "2020.05.10"]
[EventType "swiss (blitz)"]

1. e4 {[%emt 0:00:05]} c6 {[%emt 0:00:02]} 2. d4 {[%emt 0:00:05]} d5 {[%emt 0:00:01]} 3. Nc3 {[%emt 0:00:03]} dxe4 {[%emt 0:00:01]} 4. Nxe4 {[%emt 0:00:02]} Bf5 {[%emt 0:00:02]} 5. Ng3 {[%emt 0:00:03]} Bg6 {[%emt 0:00:01]} 6. Nf3 {[%emt 0:00:04]} Nd7 {[%emt 0:00:02]} 7. Bd3 {[%emt 0:00:07]} Ngf6 {[%emt 0:00:02]} 8. Bxg6 {[%emt 0:00:02]} hxg6 {[%emt 0:00:02]} 9. Qd3 {[%emt 0:00:04]} e6 {[%emt 0:00:01]} 10. Bg5 {[%emt 0:00:03]} Be7 {[%emt 0:00:02]} 11. O-O-O {[%emt 0:00:03]} Nd5 {[%emt 0:00:04]} 12. Bxe7 {[%emt 0:00:08]} Qxe7 {[%emt 0:00:01]} 13. Kb1 {[%emt 0:00:17]} O-O-O {[%emt 0:00:07]} 14. c4 {[%emt 0:00:03]} N5b6 {[%emt 0:00:07]} 15. Ne4 {[%emt 0:00:08]} Nf6 {[%emt 0:00:03]} 16. Nc5 {[%emt 0:00:10]} Rh5 {[%emt 0:00:09]} 17. Qb3 {[%emt 0:00:10]} Kb8 {[%emt 0:00:08]} 18. h3 {[%emt 0:00:03]} Ne8 {[%emt 0:00:25]} 19. g4 {[%emt 0:00:03]} Rh8 {[%emt 0:00:05]} 20. a4 {[%emt 0:00:06]} Nd6 {[%emt 0:00:03]} 21. Rc1 {[%emt 0:00:08]} Qc7 {[%emt 0:00:15]} 22. a5 {[%emt 0:00:10]} Nd7 {[%emt 0:00:03]} 23. Na6+ {[%emt 0:00:03]} Kc8 {[%emt 0:00:05]} 24. Nxc7 {[%emt 0:00:03]} Kxc7 {[%emt 0:00:01]} 25. Rhd1 {[%emt 0:00:07]} Rxh3 {[%emt 0:00:03]} 26. Qe3 {[%emt 0:00:06]} Nf6 {[%emt 0:00:07]} 27. Qf4 {[%emt 0:00:05]} Kc8 {[%emt 0:00:04]} 28. g5 {[%emt 0:00:05]} Nh5 {[%emt 0:00:07]} 29. Qg4 {[%emt 0:00:09]} Rxf3 {[%emt 0:00:10]} 30. Qxf3 {[%emt 0:00:02]} Nf5 {[%emt 0:00:01]} 31. d5 {[%emt 0:00:03]} exd5 {[%emt 0:00:03]} 32. cxd5 {[%emt 0:00:02]} Kb8 {[%emt 0:00:05]} 33. dxc6 {[%emt 0:00:02]} Rxd1 {[%emt 0:00:03]} 34. c7+ {[%emt 0:00:04]} Kc8 {[%emt 0:00:05]} 35. Qxb7+ {[%emt 0:00:04]} Kxb7 {[%emt 0:00:07]} 36. c8=Q# {[%emt 0:00:01] (Lag: Av=0.99s, max=5.2s)} 1-0

[Event "Stay Safe Play From Home 138"]
[Site "T#645932Emanuel Laske"]
[Date "2020.05.10"]
[Round "7"]
[White "Özgür7"]
[Black "Edmatuag"]
[Result "0-1"]
[WhiteElo "1581"]
[BlackElo "1720"]
[Annotator "NA RC"]
[PlyCount "90"]
[EventDate "2020.05.10"]
[EventType "swiss (blitz)"]

1. e4 {[%emt 0:00:05]} c5 {[%emt 0:00:02]} 2. Nf3 {[%emt 0:00:02]} d6 {[%emt 0:00:01]} 3. d4 {[%emt 0:00:02]} cxd4 {[%emt 0:00:00]} 4. Nxd4 {[%emt 0:00:02]} Nf6 {[%emt 0:00:00]} 5. Nc3 {[%emt 0:00:01]} a6 {[%emt 0:00:00]} 6. Bg5 {[%emt 0:00:03]} Nbd7 {[%emt 0:00:02]} 7. Bd3 {[%emt 0:00:02]} Qb6 {[%emt 0:00:01]} 8. Be3 {[%emt 0:00:12]} Qxb2 {[%emt 0:00:09]} 9. Na4 {[%emt 0:00:05]} Qa3 {[%emt 0:00:07]} 10. O-O {[%emt 0:00:24]} Qxa4 {[%emt 0:00:10]} 11. Qf3 {[%emt 0:00:06]} Ne5 {[%emt 0:00:07]} 12. Qe2 {[%emt 0:00:09]} g6 {[%emt 0:00:28]} 13. Nb5 {[%emt 0:00:10]} Nxd3 {[%emt 0:00:11]} 14. Nc7+ {[%emt 0:00:02]} Kd8 {[%emt 0:00:25]} 15. Nxa8 {[%emt 0:00:03]} Nc5 {[%emt 0:00:10]} 16. Bxc5 {[%emt 0:00:04]} dxc5 {[%emt 0:00:03]} 17. Rad1+ {[%emt 0:00:02]} Nd7 {[%emt 0:00:09]} 18. Nb6 {[%emt 0:00:08]} Qc6 {[%emt 0:00:01]} 19. Nxd7 {[%emt 0:00:02]} Bxd7 {[%emt 0:00:02]} 20. Rd2 {[%emt 0:00:03]} Bh6 {[%emt 0:00:10]} 21. Rd3 {[%emt 0:00:06]} Kc8 {[%emt 0:00:11]} 22. Rfd1 {[%emt 0:00:06]} Be6 {[%emt 0:00:01]} 23. g3 {[%emt 0:00:06]} Bxa2 {[%emt 0:00:23]} 24. f4 {[%emt 0:00:02]} Bg7 {[%emt 0:00:16]} 25. Qd2 {[%emt 0:00:04]} Bd4+ {[%emt 0:00:07]} 26. Kf1 {[%emt 0:00:05]} Bc4 {[%emt 0:00:02]} 27. c3 {[%emt 0:00:09]} Bf6 {[%emt 0:00:18]} 28. Kf2 {[%emt 0:00:10]} Bxd3 {[%emt 0:00:02]} 29. Qxd3 {[%emt 0:00:01]} e6 {[%emt 0:00:03]} 30. e5 {[%emt 0:00:04]} Rd8 {[%emt 0:00:04]} 31. Qc2 {[%emt 0:00:03]} Rxd1 {[%emt 0:00:03]} 32. Qxd1 {[%emt 0:00:00]} Be7 {[%emt 0:00:01]} 33. Qd3 {[%emt 0:00:05]} Qd5 {[%emt 0:00:03]} 34. Qxd5 {[%emt 0:00:02]} exd5 {[%emt 0:00:02]} 35. Ke3 {[%emt 0:00:01]} a5 {[%emt 0:00:01]} 36. Kd3 {[%emt 0:00:02]} a4 {[%emt 0:00:01]} 37. c4 {[%emt 0:00:01]} d4 {[%emt 0:00:03]} 38. Kc2 {[%emt 0:00:03]} a3 {[%emt 0:00:02]} 39. Kb3 {[%emt 0:00:03]} d3 {[%emt 0:00:01]} 40. Kxa3 {[%emt 0:00:01]} d2 {[%emt 0:00:02]} 41. g4 {[%emt 0:00:03]} d1=Q {[%emt 0:00:02]} 42. f5 {[%emt 0:00:00]} Bg5 {[%emt 0:00:06]} 43. e6 {[%emt 0:00:02]} Bc1+ {[%emt 0:00:01]} 44. Ka2 {[%emt 0:00:02]} Qc2+ {[%emt 0:00:01]} 45. Ka1 {[%emt 0:00:01]} Qb2# {[%emt 0:00:01] (Lag: Av=0.79s, max=4.0s)} 0-1